Culture Générale - Série 390 - Statistiques

Statistiques générales
  • Ce quiz a été pris 361 fois
  • Le résultat moyen est 9 sur 10
Statistiques - réponses
Question Réponse % Correct
Quel mois compte moins de trente jours ? Février
100%
Selon le titre d'une nouvelle d'Alphonse Daudet, à quel animal est associé "Monsieur Seguin" ? La chèvre
99%
Quelle langue chinoise obtient-on en enlevant une voyelle au mot mandarine ? Le mandarin
99%
Le sigle P.N.B. signifie Produit National... Brut
98%
En quoi le carrosse de Cendrillon se transforme-t-il après minuit dans le conte de Charles Perrault ? En citrouille
97%
Quel accessoire de mode passant sur les épaules peut-on utiliser pour retenir son pantalon ? Des bretelles
96%
Dans quelle ville sont installés les gendarmes de la saga cinématographique réalisée par Jean Girault avec Louis de Funès ? Saint-Tropez
95%
Quel est le nom du mâle de la laie ? Le sanglier
91%
Dans le conte de Charles Perrault, que jette le Petit Poucet pour retrouver son chemin quand il n'a plus de cailloux ? Des miettes de pain
85%
Quel joueur de football a inscrit le dernier but de la finale de la Coupe du Monde 1998 ? Emmanuel Petit
72%
Aucun quiz correspondant
Distribution des résultats
% des personnes avec chaque résultat
Percentile par nombre de réponses
Votre historique - résultats
Vous n’avez pas pris ce quiz